000 00830nam a2200265Ia 4500
003 OSt
005 20220926005320.0
006 a|||||r|||| 00| 0
007 ta
008 220923b |||||||| |||| 00| 0 eng d
020 _a8186771808
037 _cGeneral Book
040 _aRTL
_cRTL
_beng
041 _2eng
_aeng
082 _aYb4.2.P, P5.2
100 _aSahay Vijay and others Ed.
_9310045
245 0 _aDimensions of researches in Indian anthropology. V2.
260 _a New Delhi
_bSerials Pub
_c2005
300 _axx,486p
_ccm.
490 _aOriental Anthropologist Series II and Social Research
500 _aBibliography chapterwise
650 _aSociology Research Methodology
_9245172
942 _hYb4.2.P, P5.2
_cGB
_2CC
999 _c613484
_d613484